|
|
|
|
| LEADER |
00000naa2a2200000 4500 |
| 001 |
426976 |
| 005 |
20231101074618.0 |
| 035 |
|
|
|a (RuTPU)RU\TPU\prd\86080
|
| 035 |
|
|
|a RU\TPU\prd\2918
|
| 090 |
|
|
|a 426976
|
| 100 |
|
|
|a 20100902a2002 k y0rusy50 ca
|
| 101 |
0 |
|
|a rus
|
| 102 |
|
|
|a RU
|
| 200 |
1 |
|
|a Бетатрон с подмагничиванием
|f В. А. Касьянов [и др.]
|
| 225 |
1 |
|
|a Техника ядерного эксперимента
|
| 320 |
|
|
|a Библиогр.: 3 назв.
|
| 461 |
|
1 |
|0 (RuTPU)RU\TPU\prd\300
|t Приборы и техника эксперимента
|f Российская академия наук
|d 1956-
|
| 463 |
|
1 |
|0 (RuTPU)RU\TPU\prd\86079
|t № 1
|v С. 5-9
|d 2002
|
| 610 |
1 |
|
|a бетатроны
|
| 610 |
1 |
|
|a магнитная система
|
| 610 |
1 |
|
|a регулирование
|
| 610 |
1 |
|
|a труды учёных ТПУ
|
| 675 |
|
|
|a 621.384.6
|v 3
|
| 701 |
|
1 |
|a Касьянов
|b В. А.
|c специалист в области неразрушающего контроля
|c заведующий лабораторией Научно-исследовательского института интроскопии Томского политехнического университета, кандидат технических наук
|f 1950-
|g Валерий Алексеевич
|2 stltpush
|3 (RuTPU)RU\TPU\pers\25526
|4 070
|
| 701 |
|
1 |
|a Фурман
|b Э. Г.
|c специалист в области электротехники
|c доктор технических наук, главный научный сотрудник НИИ ВН Томского политехнического университета
|f 1946-2010
|g Эдвин Гугович
|2 stltpush
|3 (RuTPU)RU\TPU\pers\19878
|4 070
|
| 701 |
|
1 |
|a Чахлов
|b В. Л.
|c физик
|c заслуженный деятель науки и техники Российской Федерации
|c заслуженный профессор Томского политехнического университета, доктор технических наук
|f 1934-2011
|g Владимир Лукьянович
|2 stltpush
|3 (RuTPU)RU\TPU\pers\19882
|4 070
|
| 701 |
|
1 |
|a Чертов
|b А. С.
|
| 801 |
|
1 |
|a RU
|b 63413507
|c 20020409
|g PSBO
|
| 801 |
|
2 |
|a RU
|b 63413507
|c 20131025
|g PSBO
|
| 942 |
|
|
|c BK
|